| 000 | 01735nam a2200373 c 4500 | ||
|---|---|---|---|
| 003 | BLK | ||
| 005 | 20180422094345.0 | ||
| 008 | 180412b bul|||||r ||||||| ||bul|| | ||
| 010 | _aKNG00013807000 | ||
| 020 |
_a954-584-187-7 _bиздат.: Абагар Холдинг |
||
| 040 | _aBLK | ||
| 041 |
_aBUL _cBUL |
||
| 080 |
_aАлманаси. Календари. Отраслови календари се класифицират по тема с определител (059). Вж и 529 _b059 _x _z059 |
||
| 700 | 1 |
_aКепъл, Дебора _eсъстав. _978264 |
|
| 700 | 1 |
_aРайт, Джон _eглав. ред. _9364597 |
|
| 700 | 1 |
_aАлександров, Евгени _eпрев. от англ. _9363652 |
|
| 139 |
_aУниверсален алманах _bУ 63 |
||
| 245 | 1 | 0 |
_aУниверсален алманах _cсъстав. Дебора Кепъл; глав. ред. Джон Райт; прев. от англ. Евгени Александров. |
| 257 | _aUSA | ||
| 260 |
_аСофия _bАбагар Холдинг _c1996 |
||
| 300 |
_a480 с. _bс табл. _c23 см |
||
| 380 | _a0 | ||
| 500 | _aОриг. загл. The Universal Almanac. - Други състав.: Л. Пейн, Г. Гендзъл, Е. Годош, Т. ЛаРоса, Ст. Личмън, Л. Ренод, Дж. Розентал, М. Розентал, отбелязани на гърба на загл. с. - 1 100 тир | ||
| 650 | 4 |
_aСправочници _9171803 |
|
| 653 | _aистория | ||
| 653 | _aнаука | ||
| 653 | _aтехнологии | ||
| 653 | _aспорт | ||
| 852 | _aЦб 189976 | ||
| 856 | 4 |
_qpdf _u |
|
| 856 | 4 |
_qpdf _u |
|
| 942 |
_cKNG _n0 |
||
| 944 |
_aCR _c15.01.2003 _kРенета_Константинова |
||
| 944 |
_aED _c23.06.2011 _k |
||
| 999 |
_c12220 _d12220 |
||